000 00446nam a2200181Ia 4500
001 19619
005 20260306172706.0
008 260306t2019||||xx |||||||||||||| ||spa||
041 _aESP
082 _a340.7
_bC75 Nº 42
100 _aPriori Posada, Giovanni
_eAUT
245 0 _aEl proceso y la tutela de los derechos
260 _c2019
300 _a199 páginas :
_c20 cm.
650 _aGEN
654 _aCDE
942 _cLIB
_dJUS
_fJUS
_2ddc
_n
999 _c19619
_d19619